[Event "TUR-chT 2nd League"]
[Site "Konya"]
[Date "2018.07.19"]
[Round "5.9"]
[White "Kaplancan, Burak"]
[Black "Karsligil, Ahmet Toygun"]
[Result "1/2-1/2"]
[WhiteElo "1444"]
[BlackElo "1406"]
[PlyCount "144"]
[EventDate "2018.07.16"]
[EventType "team-swiss"]
[EventRounds "9"]
[EventCountry "TUR"]
[SourceTitle "EXT 2019"]
[Source "ChessBase"]
[SourceDate "2018.10.10"]
[SourceVersion "1"]
[SourceVersionDate "2018.10.10"]
[SourceQuality "1"]
[WhiteTeam "Altin Hamle Corum"]
[BlackTeam "Kahramanmaras Ustad"]
[WhiteTeamCountry "TUR"]
[BlackTeamCountry "TUR"]

1. e4 c5 2. Nf3 Nc6 3. d4 cxd4 4. Nxd4 Nf6 5. Nc3 d6 6. Be2 e6 7. Be3 Be7 8. 0-0 a6 9. f4 0-0 10. Bf3 Qc7 11. Qe1 Bd7 12. Qf2 Rac8 13. Rad1 b5 14. a3 Rb8 15. Kh1 Na5 16. Bc1 Rfc8 17. Be2 Nc4 18. Bxc4 Qxc4 19. e5 Ne8 20. Nb3 d5 21. Rd3 f5 22. Nd2 Qc5 23. Qe2 a5 24. Nb3 Qc7 25. Rf2 b4 26. Qh5 bxc3 27. Rh3 h6 28. bxc3 Bc5 29. Rff3 Bb5 30. Rfg3 Kf8 31. Nxc5 Qxc5 32. Qg6 Qe7 33. Rxh6 Qf7 34. Rh8+ Ke7 35. Qg5+ Kd7 36. Rh7 Be2 37. Be3 Rb1+ 38. Bg1 Rc1 39. Re3 Rxc2 40. h4 R8xc3 41. h5 Rxe3 42. Bxe3 Rc7 43. h6 Kc6 44. hxg7 Nxg7 45. Qf6 Qg8 46. Rh3 Bg4 47. Rg3 Nh5 48. Qh4 Nxg3+ 49. Qxg3 Rh7+ 50. Kg1 Qb8 51. Qe1 Qb3 52. Qc1+ Kd7 53. Qc5 Qd1+ 54. Kf2 Qe2+ 55. Kg3 Qa6 56. Bd2 Rg7 57. Kh4 Bd1 58. Bxa5 Rg4+ 59. Kh5 Rxg2+ 60. Kh6 Rh2+ 61. Kg6 Qc6 62. Qa7+ Kc8 63. Kf6 Rh6+ 64. Kg5 Rh5+ 65. Kf6 Qb7 66. Qc5+ Kb8 67. Qf8+ Ka7 68. Bb4 Ba4 69. Qc5+ Qb6 70. Qf8 Ka6 71. Qa8+ Kb5 72. Qe8+ Qc6 1/2-1/2